000 00324nam a22001337a 4500
041 _aENG
100 _aKannaiyan.S
245 _aEnvisioning Agricultural Education In India
260 _aNew Delhi
_bAssociated Publishing Companv
_c400
300 _a225
650 _aEOES
700 _aGopalam .A
856 _uEOES ( 12 )
999 _c1197
_d1197